Ir para o conteúdo

Музыкальное содержание учебное пособие для вузов

Впервые созданное В. Н. Холоповой, Н. В. Бойцовой и Е. М. Акишиной учебное пособие “Музыкальное содержание” является базовым изданием для всего научно-педагогического направления по музыкальному содержанию в России. В нем изложены такие важнейшие теоретические понятия, как музыкальная интонация, баз...

ver descrição completa

Na minha lista:
Detalhes bibliográficos
Autor principal: Холопова В. Н.
Outros Autores: Бойцова Н. В., Акишина Е. М.
Formato: Книга
Idioma:Russian
Publicado em: Санкт-Петербург Планета музыки 2025
Edição:3-е изд., стер.
Assuntos:
Acesso em linha:https://e.lanbook.com/book/483821
https://e.lanbook.com/img/cover/book/483821.jpg
Tags: Adicionar Tag
Sem tags, seja o primeiro a adicionar uma tag!
LEADER 04142nam0a2200349 i 4500
001 483821
003 RuSpLAN
005 20250506132314.0
008 250506s2025 ru gs 000 0 rus
020 |a 978-5-507-53350-3 
040 |a RuSpLAN 
041 0 |a rus 
044 |a ru 
080 |a 781 
084 |a 85.31  |2 rubbk 
245 0 0 |a Музыкальное содержание  |b учебное пособие для вузов  |c Холопова В. Н.,Бойцова Н. В.,Акишина Е. М. 
250 |a 3-е изд., стер. 
260 |a Санкт-Петербург  |b Планета музыки  |c 2025 
300 |a 148 с. 
500 |a Рекомендовано к печати Ученым советом Федерального государственного бюджетного научного учреждения "Институт художественного образования и культурологии Российской академии образования" Рекомендовано учебно-методическим советом Московской государственной консерватории имени П. И. Чайковского в качестве учебного издания для студентов уровня высшего образования по специальности 53.05.05 "Музыковедение" 
504 |a Библиогр.: доступна в карточке книги, на сайте ЭБС Лань 
520 8 |a Впервые созданное В. Н. Холоповой, Н. В. Бойцовой и Е. М. Акишиной учебное пособие “Музыкальное содержание” является базовым изданием для всего научно-педагогического направления по музыкальному содержанию в России. В нем изложены такие важнейшие теоретические понятия, как музыкальная интонация, базовые эмоции, специальное и неспециальное содержание, три стороны музыкального содержания и др. и определена их роль в эпоху барокко, классики, романтизма, XX–XXI веков. Емкие определения и необходимые нотные примеры делают данное учебное пособие доступным, полезным, информативным и для студентов и для преподавателей специализированных музыкальных учреждений, а также для широкого круга читателей, интересующихся академической музыкой. The “Music Content” textbook, newly created by V. N. Kholopova, N. V. Boitsova and Y. M. Akishina is the basic publication on music content for the entire scientific and pedagogical sphere in Russia. It states such important theoretical concepts as music intonation, basic emotions, special and non-special content, three aspects of music content, etc. and defines their role in the era of baroque, classics, romanticism, 20th and 21st centuries. Lapidary definitions and necessary musical examples make this textbook understandable, useful, informative both for students and teachers of specialized musical institutions, as well as for a wide range of readers interested in academic music.  
521 8 |a Книга из коллекции Планета музыки - Музыка и театр 
653 0 |a музыкальная литература 
653 0 |a музыкальное содержание 
653 0 |a история музыки 
100 1 |a Холопова В. Н. 
700 1 |a Бойцова Н. В. 
700 1 |a Акишина Е. М. 
856 4 |u https://e.lanbook.com/book/483821 
856 4 8 |u https://e.lanbook.com/img/cover/book/483821.jpg 
953 |a https://e.lanbook.com/img/cover/book/483821.jpg